Learning Bahasa Malaysia through its history and culture

Bibliographic Details
Main Author: Siti Rosnah Haji Ahmad
Format: Book
Published: Kuala Lumpur : Golden Books Centre Sdn.Bhd. , 2002
Subjects:

MARC

LEADER 00000cam a2200000 7i4500
001 0000016700
005 20080429.0
008 280408
020 |a 9837204575 
090 0 0 |a 499.28   |b SIT 
100 1 |a Siti Rosnah Haji Ahmad 
245 1 0 |a Learning Bahasa Malaysia through its history and culture   |c Siti Rosnah Haji Ahmad 
260 |a Kuala Lumpur :   |b Golden Books Centre Sdn.Bhd. ,   |c 2002 
650 0 |a Malay language 
999 |a 0001012576   |b Book   |c Adult Collection   |e Perbadanan Perpustakaan Awam Johor 
999 |a 0001012577   |b Book   |c Adult Collection   |e Cawangan Mersing 
999 |a 0001012578   |b Book   |c Adult Collection   |e Perbadanan Perpustakaan Awam Johor